banner-ar

ايام اوباما السوداء : (Record no. 61660)

MARC details
000 -الفاتح
حقل البيانات ثابتة الطول 00894nam a22002057a 4500
005 - وقت وتاريخ اخر تعامل مع التسجيلة
رقم الضبط 20240530110510.0
008 - عناصر البيانات ثابتة الطول - معلومات عامة
حقل البيانات ثابتة الطول 151027s2010 ua ao g 000 0dara d
017 ## - رقم الايداع القانونى
رقم الايداع القانونى 2010/43841
المصدر ( الهيئة المختصة) مصر . دار الكتب المصرية
040 ## - مصدر الفهرسة
وكالة الفهرسة الأصلية EG-CaGPL
082 04 - رقم تصنيف ديوى العشرى
رقم الطبعة 21
رقم التصنيف 923.1\
رقم المادة آ أ
100 0# - المدخل الرئيسى - إسم شخصى
الإسم الشخصى انيس الدغيدى
245 10 - بيان العنوان
العنوان ايام اوباما السوداء :
بقية العنوان قصة حياتة و ماساتة مع الفقر و الكفاح و السياسة و اليهود : من الزنوج الى الكاوبوى : الحلم الامريكى الى اين ؟ /
بيان المسئوليه,etc انيس الدغيدى
250 ## - بيان الطبعة
بيان الطبعة ط1
260 ## - PUBLICATION, DISTRIBUTION, ETC. (IMPRINT)
تاريخ النشر أو التوزيع 2010 .
300 ## - الوصف المادى
التعداد 616 ص :
تفاصيل ماديه اخرى للوعاء صور ؛
أبعاد الوعاء 24 سم .
600 04 - المدخل الاضافى بالموضوع-اسم شخصى
الإسم الشخصى اوباما
التقسيم الفرعي الشكلي تراجم
650 04 - المدخل الاضافى بالموضوع-مصطلح موضوعى
مصطلح موضوعي رؤساء الدول
التقسيم الفرعي العام تراجم
942 ## - عناصر المدخل الإضافي( كوها)
مصدر التصنيف او مخطط الترفيف Dewey Decimal Classification
Koha [default] item type كتاب
260 ## - PUBLICATION, DISTRIBUTION, ETC. (IMPRINT)
-- القاهرة :
-- مكتبة جزيرة الورد ،
Holdings
حالة التراجع حالة الفقد حالة تلف ليس للاعارة المكان المؤقت الموقع الحالى تاريخ الاكتساب اجمالي اﻻعارات رقم الطلب الباركود تاريخ اخر مشاهدة تاريخ تفعيل السعر نوع وعاء كوها
        مكتبة القاهرة الكبرى مكتبة القاهرة الكبرى 10/27/2015   923.1\ آ أ 161007 10/27/2015 10/27/2015 كتاب

Powered By

EGPV